Business policy and strategic management : (Record no. 4238)

MARC details
000 -LEADER
fixed length control field 00804nam a22002412 4500
001 - CONTROL NUMBER
control field 0000021128
005 - DATE AND TIME OF LATEST TRANSACTION
control field 20151217145931.0
008 - FIXED-LENGTH DATA ELEMENTS--GENERAL INFORMATION
fixed length control field 120113s xx 000 0 eng d
020 ## - INTERNATIONAL STANDARD BOOK NUMBER
International Standard Book Number 8120332447 :
040 ## - CATALOGING SOURCE
Original cataloging agency KABU
Transcribing agency KABU
100 1# - MAIN ENTRY--PERSONAL NAME
Personal name Gupta, Vipin.
-- 0000181820
245 10 - TITLE STATEMENT
Title Business policy and strategic management :
Remainder of title concepts and applications. /
Statement of responsibility, etc. Vipin Gupta, Kamala Gollakota, R. Srinivasan.
250 ## - EDITION STATEMENT
Edition statement Rev. 2nd ed.
260 ## - PUBLICATION, DISTRIBUTION, ETC. (IMPRINT)
Place of publication, distribution, etc. New Delhi :
Name of publisher, distributor, etc. PHI,
Date of publication, distribution, etc. 2009.
300 ## - PHYSICAL DESCRIPTION
Extent xx, 575 p.
650 #0 - SUBJECT ADDED ENTRY--TOPICAL TERM
Topical term or geographic name as entry element Strategic planning.
-- 0000150576
650 #0 - SUBJECT ADDED ENTRY--TOPICAL TERM
Topical term or geographic name as entry element Strategic planning
General subdivision Case studies.
-- 0000150586
700 1# - ADDED ENTRY--PERSONAL NAME
Personal name Gollakota, Kamala.
-- 0000181821
700 1# - ADDED ENTRY--PERSONAL NAME
Personal name Srinivasan, R.
-- 0000181822
852 1# - LOCATION
-- p3240 KES
908 ## - PUT COMMAND PARAMETER (RLIN)
Put command parameter 120113
950 ## - LOCAL HOLDINGS (RLIN)
-- 1
Holdings
Withdrawn status Lost status Source of classification or shelving scheme Not for loan Home library Current library Date acquired Total Checkouts Full call number Barcode Date last seen Date last checked out Price effective from Koha item type
    Library of Congress Classification   Kabarak, Main Campus Kabarak, Main Campus 17/12/2015 1 HD30.28 .G87 2007 c. 1 20473 02/08/2024 17/10/2022 17/12/2015 General Collection
    Library of Congress Classification   Kabarak, Main Campus Kabarak, Main Campus 17/12/2015 2 HD30.28 .G87 2007 c. 2 20485 02/08/2024 19/07/2019 17/12/2015 General Collection
Designed with assistance from East African Informatics Ltd